MESTSKÁ KNIŽNICA GIRALTOVCE  - online katalóg 

Musíme trpět alergiemi?/s recepty Ilsy Gutjahr/.Příčiny a léčení neurodermitidy,vyrážek,ekzému,senné rýmy a astma (Record no. 19695)

000 -NÁVESTIE
fixed length control field 00492nam a2200145 a 4500
008 - ÚDAJE S PEVNOU DĹŽKOU – VŠEOBECNÉ INFORMÁCIE
fixed length control field 960123s1990||||[C 0 cze c
020 ## - MEDZINÁRODNÉ ŠTANDARDNÉ ČÍSLO KNIHY (ISBN)
Medzinárodné štandardné číslo knihy (ISBN) 8085236141
Údaje o dostupnosti 10
040 ## - ZDROJ KATALOGIZÁCIE
Pôvodná katalogizujúca agentúra SNK
Jazyk katalogizácie slo
Prepisujúca agentúra SNK
Konvencie popisu AACR2
041 1# - KÓD JAZYKA
Kód jazyka textu/zvukovej stopy alebo samostatných nápisov cze
044 ## - KÓD KRAJINY VYDAVATEĽA/PRODUCENTA
Kód krajiny MARC CZ
100 1# - OSOBNÉ MENÁ – VŠEOBECNÉ INFORMÁCIE
Osobné meno Bruker, M.O.
Kód roly aut
245 10 - NÁZOV
Názov Musíme trpět alergiemi?/s recepty Ilsy Gutjahr/.Příčiny a léčení neurodermitidy,vyrážek,ekzému,senné rýmy a astma
Údaj o zodpovednosti atď. M.O. Bruker
260 ## - VYDAVATEĽSKÉ ÚDAJE, DISTRIBÚCIA ATĎ.
Miesto publikovania, distribúcie atď. Ostrava
Názov vydavateľa, distibútora atď. Osvětová agentura Salvo P.O.Box 321
Dátum publikovania, distribúcie atď. 1990
958 ## - Formálny deskriptor
Formálny deskriptor A
Holdings
Stav stiahnutia (Blokovanie) (Withrawn status) Stav straty Zdroj klasifikácie pre skladovanie Stav poškodenia (Damaged status) Nie pre výpožičky (Not for loan) Spôsob nadobudnutia (Collection code) Trvalé umiestnenie Aktuálne umiestnenie Dátum nadobudnutia Náklady, bežná kúpna cena Inventárne číslo (prírastkové číslo) Celkom výpožičky Full call number Čiarový kód Dátum posledného výskytu Dátum poslednej výpôžičky Cena s účinnosťou od Typ jednotky Koha
          Kúpa Mestská knižnica Giraltovce Mestská knižnica Giraltovce 2019-11-29 10.00 18211 1 I1514 I1514 2020-10-08 2020-07-17 2019-11-29 Odborná literatúra pre dospelých

Powered by Koha